Kežmarská Nežná...

Bibliographic Details
Main Author: Petras, Peter, 1946- (Author)
Format: Article
Language:Slovak
PhysicalDescription:Fotografie
ISSN:2453-7608
Subjects:

MARC

LEADER 00000nab a2200000 4500
001 vtls011922816
003 SK-MaSNL
005 20260303225039.0
008 200309|2019 xo ||||||||||||00 ||slo|
038 |a PPPK 
040 |a PPPKCL  |b slo  |e rda 
041 0 |a slo 
043 |a e-xo--- 
044 |a xo  |c SK 
072 7 |a 316.4  |x Sociálne procesy  |2 konspekt 
072 7 |a 323  |x Vnútropolitický vývoj, politický život  |2 konspekt 
080 |a 323.272  |2 2011 
080 |a 94(437)"1989"  |2 2011 
100 1 |a Petras, Peter,  |d 1946-  |4 aut  |9 264555 
245 1 0 |a Kežmarská Nežná...  |c Peter Petras 
300 |b Fotografie 
336 |a text  |b txt  |2 rdacontent 
337 |a bez média  |b n  |2 rdamedia 
338 |a zväzok  |b nc  |2 rdacarrier 
650 0 7 |a revolúcie  |2 SNKPH  |9 4760 
650 0 7 |a Nežná revolúcia (1989 : Československo)  |2 SNKPH  |9 176560 
651 7 |a Kežmarok (Slovensko)  |2 SNKPHgeo  |9 26808 
655 7 |a správy  |2 SNKPH  |9 70563 
773 0 |t Noviny Kežmarok : kultúrno-spoločenský mesačník mesta  |g Roč. 4, č. 11 (2019), s. 10  |x 2453-7608 
852 |a PPPK  |b KIS3GCP 
958 |a RG 
999 |c 2255352  |d 2257282